000
00281nam a22001217a 4500
020
_a
0-13-948126-5
082
_a
423.1 LAI'W
100
_a
LAIRD, CHARLTON
_9
67354
245
_a
WEBSTERS NEW WORLD THESAURUS
260
_a
NEWYORK
_b
WEBSTER
_c
1985
300
_a
IX,854P
942
_c
BK
999
_c
575155
_d
575155